| 000 | 00499nam a22001937a 4500 | ||
|---|---|---|---|
| 942 | _cBK | ||
| 999 |
_c761 _d761 |
||
| 005 | 20250420134824.0 | ||
| 008 | 211115b ||||| |||| 00| 0 eng d | ||
| 020 | _a9781733146654 | ||
| 040 | _cKCST | ||
| 082 |
_a512.5 _bSt In |
||
| 100 |
_aStrang, Gilbert _9360 |
||
| 245 |
_aIntroduction to linear algebra / _cGilbert Strang |
||
| 250 | _a5 | ||
| 260 |
_aWellesley, MA: _bWellesleu-Cambridge Press; _c2016. |
||
| 300 | _a573 p. | ||
| 650 |
_aLinear Algebra. _95550 |
||
| 942 | _2ddc | ||